Housing, town development, land and costs (Record no. 87023)

MARC details
000 -LEADER
fixed length control field 00418cam a2200181 4500
001 - CONTROL NUMBER
control field D13992
008 - FIXED-LENGTH DATA ELEMENTS--GENERAL INFORMATION
fixed length control field 090401t xxu||||| |||| 00| 0 eng d
035 ## - SYSTEM CONTROL NUMBER
System control number (Sirsi) u12690
041 ## - LANGUAGE CODE
Language code of text/sound track or separate title eng
100 ## - MAIN ENTRY--PERSONAL NAME
Personal name Stone, P. A.
245 ## - TITLE STATEMENT
Title Housing, town development, land and costs
260 ## - PUBLICATION, DISTRIBUTION, ETC.
Place of publication, distribution, etc. London
Name of publisher, distributor, etc. Estates Gazette
Date of publication, distribution, etc. nd
300 ## - PHYSICAL DESCRIPTION
Extent 155p
350 ## - PRICE (NR) (BK AM CF MU VM SE) [OBSOLETE]
Price 1.38
520 ## - SUMMARY, ETC.
Summary, etc. Shelf 135
942 ## - ADDED ENTRY ELEMENTS (KOHA)
Suppress in OPAC 0
948 ## - LOCAL PROCESSING INFORMATION (OCLC); SERIES PART DESIGNATOR (RLIN)
c (OCLC) 04/03/1997
Holdings
Withdrawn status Lost status Source of classification or shelving scheme Damaged status Not for loan Home library Current library Shelving location Date acquired Cost, normal purchase price Total Checkouts Full call number Barcode Date last seen Date last checked out Copy number Cost, replacement price Price effective from Koha item type
    Dewey Decimal Classification     London London Basement 14/09/1999 1.38 3 SHELF 135 30015193 06/08/2019 08/11/2001 1 1.38 06/08/2019 Reference material